| 000 | 01364nam a2200241Ia 4500 | ||
|---|---|---|---|
| 001 | 18503 | ||
| 003 | GE_BSU | ||
| 008 | 181216s||||||||xx |||||||||||||| ||und|| | ||
| 040 | _cGE_BSU | ||
| 100 | _aრუკის ავტორები:ლევან ტიელიძე,რამინ გობეჯიშვილი,ალექსანდრე ჯავახიშვილი. | ||
| 245 | _aსაქართველოს პოლიტიკურ-ადმინისტრაციული რუკა | ||
| 245 | _bადმინისტრაციულ-ტერიტორიული დაყოფა:ქალაქი,ავტონომიური რესპუბლიკები,მხარეები,მუნიციპალიტეტები | ||
| 245 | _cრედ:ვლადიმერ ბუაჩიძე | ||
| 260 | _aთბილისი | ||
| 260 | _bვახუშტი ბაგრატიონის გეოგრაფიის ინ-ტი | ||
| 260 | _c2013. | ||
| 300 | _aმასშტაბი1:500 000 | ||
| 541 | _h8ლ. | ||
| 653 | _aგეოგრაფია | ||
| 653 | _aკარტოგრაფია | ||
| 653 | _aსაქართველოს პოლიტიკურ-ადმინისტრაციული რუკა | ||
| 942 | _cMP | ||
| 999 |
_c51514 _d51514 |
||